| 000 | 01042cam a2200265 a 4500 | ||
|---|---|---|---|
| 999 |
_c17736 _d17736 |
||
| 001 | 14689435 | ||
| 003 | OSt | ||
| 005 | 20161129094125.0 | ||
| 008 | 070109s2006 nyu b 001 0 eng | ||
| 010 | _a 2007270818 | ||
| 020 | _a9780393927085 (pbk.) | ||
| 020 | _a0393927083 (pbk.) | ||
| 040 |
_aDLC _cDLC |
||
| 050 | 0 | 0 |
_aPR51.U5 _bA73 2006 |
| 100 | 1 | _aArchimedes, Sondra M. | |
| 245 | 1 | 0 |
_aTeaching with the Norton anthology of English literature : _ba guide for instructors / _cSondra Archimedes ... [et al.]. |
| 250 | _a8th ed. | ||
| 260 |
_aNew York : _bW.W. Norton, _cc2006. |
||
| 300 |
_axxiii, 774 p. ; _c24 cm. |
||
| 500 | _a"Major Authors 8th ed"--Cover. | ||
| 504 | _aIncludes bibliographical references and index. | ||
| 650 | 0 |
_aEnglish literature _xStudy and teaching (Higher) _zUnited States. |
|
| 730 | 0 | _aNorton anthology of English literature. | |
| 906 |
_a7 _bcbc _corignew _d2 _encip _f20 _gy-gencatlg |
||
| 942 |
_2lcc _cBOOKS _hPR 51 .U5A73 2006 |
||